Statistics for Countries with Decade Volcanoes

Click here to take the quiz!

General Stats

  • This quiz has been taken 46 times
  • The average score is 13 of 16

Answer Stats

VolcanoContinentCountry% Correct
Mount VesuviusEuropeItaly
100%
Mount EtnaEuropeItaly
100%
Avachinsky-KoryakskyAsiaRussia
97%
Mount RainierAmericasUnited States
95%
SakurajimaAsiaJapan
92%
Mauna LoaOceaniaUnited States
90%
SantoriniEuropeGreece
87%
Mount MerapiAsiaIndonesia
82%
ColimaAmericasMexico
82%
Mount NyiragongoAfricaDemocratic Republic of the Congo
74%
Santa MaríaAmericasGuatemala
74%
Mount UnzenAsiaJapan
74%
Taal VolcanoAsiaPhilippines
74%
GalerasAmericasColombia
67%
UlawunOceaniaPapua New Guinea
59%
TeideAfricaSpain
46%

Score Distribution

Percentile by Number Answered

Percent of People with Each Score

Your Score History

You have not taken this quiz